| 000 | 00585nam a2200205Ia 4500 | ||
|---|---|---|---|
| 001 | 4961 | ||
| 003 | GE_BSU | ||
| 008 | 181216s||||||||xx |||||||||||||| ||und|| | ||
| 040 | _cGE_BSU | ||
| 080 | _a512.13 | ||
| 100 | _aБарсов, А.С. | ||
| 245 | _aЧто такое линейное программирование. | ||
| 245 | _cРед. В.Д. Розенкноп. | ||
| 260 | _aМосква | ||
| 260 | _bГосиздат | ||
| 260 | _c1959 | ||
| 300 | _a101стр.20 см. | ||
| 653 | _aЧто такое линейное программирование. | ||
| 942 | _cBK | ||
| 999 |
_c38697 _d38697 |
||